Ontología y aprendizaje de la geografía: software para representar y software para comprender

El lector encontrará los resultados de una investigación que se centra en los temas de comprensión y profundidad conceptual que compara un ambiente diseñado para la construcción de conocimiento con otro diseñado para activación de conocimientos previos.

Guardat en:
Dades bibliogràfiques
Altres autors: Maldonado Granados, Luis Facundo
Format: Llibre
Idioma:Spanish
Publicat: Bogotá: Universidad Pedagógica Nacional, 2001
Col·lecció:Colección Grupo Tecnice
Matèries:
Accés en línia:Enlace del recurso
Etiquetes: Afegir etiqueta
Sense etiquetes, Sigues el primer a etiquetar aquest registre!

MARC

LEADER 00000nam a2200000 a 4500
001 001226
008 030707s2001 ck # fr# #000|0#spa#d
020 |a 958-20-0648-X 
041 0 |a spa 
043 |a s-ck--- 
082 0 4 |a 371.334  |b O557o 
245 0 0 |a Ontología y aprendizaje de la geografía:  |b software para representar y software para comprender   |c Luis Facundo Maldonado Granados ... [et al.] 
260 |a Bogotá:  |b Universidad Pedagógica Nacional,  |c 2001 
300 |a 183 p. 
440 0 |a Colección Grupo Tecnice 
504 |a Incluye bibliografía. 
520 3 |a El lector encontrará los resultados de una investigación que se centra en los temas de comprensión y profundidad conceptual que compara un ambiente diseñado para la construcción de conocimiento con otro diseñado para activación de conocimientos previos. 
650 1 4 |a ENSEÑANZA CON AYUDA DE COMPUTADORES  |z COLOMBIA 
650 1 4 |a ENSEÑANZA DE LA GEOGRAFÍA 
700 1 |a Maldonado Granados, Luis Facundo 
999 |c 3378  |d 3378 
856 |u https://catalogo.idep.edu.co/cgi-bin/koha/opac-detail.pl?biblionumber=3378  |z Enlace del recurso